| 000 | 01479cam a22004214a 4500 | ||
|---|---|---|---|
| 001 | 15343347 | ||
| 005 | 20170105102856.0 | ||
| 008 | 080625s2009 caua b 001 0 eng c | ||
| 010 | _a 2008931885 | ||
| 016 | 7 |
_a101492962 _2DNLM |
|
| 020 | _a9781847875501 | ||
| 020 | _a1847875505 | ||
| 020 | _a9781847875518 (pbk.) | ||
| 020 | _a1847875513 (pbk.) | ||
| 035 | _a(OCoLC)ocn310074768 | ||
| 040 |
_aNLM _cNLM _dBWK _dYDXCP _dBWX _dZCU _dIXA _dCDX _dDLC |
||
| 042 | _apcc | ||
| 050 | 0 | 0 |
_aRC488.5 _b.G424 2009 |
| 082 | 0 | 0 |
_a362.82/86 _222 |
| 100 | 1 | _aGeldard, Kathryn. | |
| 245 | 1 | 0 |
_aRelationship counselling for children, young people, and families / _cKathryn Geldard and David Geldard. |
| 260 |
_aLos Angeles : _bSage, _c2009. |
||
| 300 |
_aviii, 262 p. : _bill. ; _c23 cm. |
||
| 504 | _aIncludes bibliographical references (p. [252]-257) and index. | ||
| 650 | 0 |
_aCounseling _xFamily. |
|
| 650 | 0 |
_aTeenagers _xTreatment. |
|
| 650 | 1 | 2 |
_aCounseling _xmethods. |
| 650 | 1 | 2 | _aFamily Relations. |
| 650 | 2 | 2 | _aAdolescent. |
| 650 | 2 | 2 | _aChild. |
| 650 | 2 | 2 |
_aFamily Therapy _xmethods. |
| 700 | 1 | _aGeldard, David. | |
| 856 | 4 | 2 |
_3Publisher description _uhttp://www.loc.gov/catdir/enhancements/fy1006/2008931885-d.html |
| 856 | 4 | 1 |
_3Table of contents only _uhttp://www.loc.gov/catdir/enhancements/fy1006/2008931885-t.html |
| 906 |
_a7 _bcbc _cpccadap _d2 _eepcn _f20 _gy-gencatlg |
||
| 942 |
_2ddc _cBK |
||
| 999 |
_c14489 _d14489 |
||